Can you guess the Claire Rosinkranz song? - Statistics

General Stats
  • This quiz has been taken 5 times
  • The average score is 136 of 253
Answer Stats
Answer % Correct
a
100%
and
100%
I
100%
in
100%
me
100%
Me
100%
my
100%
of
100%
Oh
100%
on
100%
On
100%
to
100%
When
100%
when
100%
you
100%
your
100%
do
67%
don't
67%
Don't
67%
ever
67%
Falling
67%
Get
67%
get
67%
go
67%
I'll
67%
it
67%
like
67%
one
67%
out
67%
pretty
67%
so
67%
Some
67%
some
67%
the
67%
think
67%
three
67%
two
67%
will
67%
advice
33%
Anderson
33%
answer
33%
are
33%
around
33%
believe
33%
block
33%
bothering
33%
bounce
33%
break
33%
choking
33%
cigarette
33%
cool
33%
count
33%
degrees
33%
did
33%
doubted
33%
even
33%
false
33%
feel
33%
fleeting
33%
game
33%
give
33%
Give
33%
good
33%
Gotta
33%
guaranteed
33%
hit
33%
Hit
33%
hold
33%
holding
33%
hoping
33%
I'm
33%
keep
33%
Keep
33%
know
33%
last
33%
let
33%
Light
33%
lonely
33%
Lonely
33%
Make
33%
moment
33%
Moments
33%
Ninety
33%
Nothing's
33%
nothing's
33%
notice
33%
Now
33%
October
33%
Onto
33%
over
33%
picture
33%
pins
33%
please
33%
prophet
33%
Ring
33%
ring
33%
rolling
33%
set
33%
start
33%
stop
33%
strike
33%
tape
33%
tell
33%
them
33%
things
33%
up
33%
wake
33%
Walking
33%
Wes
33%
What
33%
what
33%
year's
33%
yourself
33%
Trying
0%
No matching quizzes found
Score Distribution
Percent of People with Each Score
Percentile by Number Answered
Your Score History
You have not taken this quiz